Beginning robotics with Raspberry Pi and Arduino : (Record no. 18727)

MARC details
000 -LEADER
fixed length control field 01025cam a2200313 i 4500
005 - DATE AND TIME OF LATEST TRANSACTION
control field 20230613100535.0
008 - FIXED-LENGTH DATA ELEMENTS--GENERAL INFORMATION
fixed length control field 180314s2018 nyua 001 0 eng
010 ## - LIBRARY OF CONGRESS CONTROL NUMBER
LC control number 2018937971
020 ## - INTERNATIONAL STANDARD BOOK NUMBER
ISBN 9781484234617
040 ## - CATALOGING SOURCE
Original cataloging agency DLC
Language of cataloging eng
Description conventions rda
Transcribing agency DLC
042 ## - AUTHENTICATION CODE
Authentication code pcc
082 04 - DEWEY DECIMAL CLASSIFICATION NUMBER
Classification number 629.892
Edition number 23
Item number CIC-B
100 1# - MAIN ENTRY--AUTHOR
Author Name Cicolani, Jeff,
245 10 - TITLE STATEMENT
Title Beginning robotics with Raspberry Pi and Arduino :
Remainder of title using Python and OpenCV /
Statement of responsibility, etc. Jeff Cicolani.
260 ## - PUBLICATION, DISTRIBUTION, ETC.
Place of Publication USA
Name of publisher, distributor, etc. APress
Date of publication, distribution, etc. 2018
300 ## - PHYSICAL DESCRIPTION
Pages xvii, 363 pages :
336 ## - CONTENT TYPE
Content type term text
Content type code txt
Source rdacontent
337 ## - MEDIA TYPE
Media type term unmediated
Media type code n
Source rdamedia
338 ## - CARRIER TYPE
Carrier type term volume
Carrier type code nc
Source rdacarrier
490 0# - SERIES STATEMENT
Series Statement Technology in action
500 ## - GENERAL NOTE
General note Includes index.
650 #0 - SUBJECT ADDED ENTRY--TOPICAL TERM
Subject / Department Robotics
Form subdivision Amateurs' manuals.
650 #0 - SUBJECT ADDED ENTRY--TOPICAL TERM
Subject / Department Raspberry Pi (Computer)
650 #0 - SUBJECT ADDED ENTRY--TOPICAL TERM
Subject / Department Arduino (Programmable controller)
264 #1 - PRODUCTION, PUBLICATION, DISTRIBUTION, MANUFACTURE, AND COPYRIGHT NOTICE
Place of production, publication, distribution, manufacture [New York, NY] :
Name of producer, publisher, distributor, manufacturer Apress,
Date of production, publication, distribution, manufacture, or copyright notice [2018]
300 ## - PHYSICAL DESCRIPTION
-- illustrations ;
-- 24 cm.
906 ## - LOCAL DATA ELEMENT F, LDF (RLIN)
a 7
b cbc
c orignew
d 2
e epcn
f 20
g y-gencatlg
952 ## - LOCATION AND ITEM INFORMATION (KOHA)
-- 0
-- 0
Holdings
Lost status Damaged status Permanent Location Current Location Shelving Location Date acquired Full Call Number Accession No./Barcode Date last seen item type
    Superior Information Resource Center (SIRC) Superior University- Gold Campus Superior Information Resource Center (SIRC) Superior University- Gold Campus Robotics 06/13/2023 629.892 CIC-B 2018 19307 03/26/2024 BOOK

Powered by Koha